Rameshwari Nehru: (Record no. 165520)

MARC details
000 -LEADER
fixed length control field 00473nam a22001697a 4500
005 - DATE AND TIME OF LATEST TRANSACTION
control field 20190620164946.0
010 ## - LCCN (DPL NO)
LC control number A-335623
020 ## - INTERNATIONAL STANDARD BOOK NUMBER
Terms of availability 14.75
035 ## - SYSTEM CONTROL NUMBER
System control number A-335623
037 ## - SOURCE OF ACQUISITION
Source of stock number/acquisition National Book Trust
082 ## - DEWEY DECIMAL CLASSIFICATION NUMBER
Classification number 921
100 ## - MAIN ENTRY--PERSONAL NAME
Personal name Paliwal, Om Prakash
245 ## - TITLE STATEMENT
Title Rameshwari Nehru:
Remainder of title patriot and internationalist /
Statement of responsibility, etc Om Prakash Paliwal
260 ## - PUBLICATION, DISTRIBUTION, ETC. (IMPRINT)
Place of publication, distribution, etc Delhi
Name of publisher, distributor, etc National Book Trust
Date of publication, distribution, etc 1986
300 ## - PHYSICAL DESCRIPTION
Extent 98p.
Dimensions 22cm (pbk)
942 ## - ADDED ENTRY ELEMENTS (KOHA)
Source of classification or shelving scheme Dewey Decimal Classification
Item type English Books
Classification part 921
Call number suffix PAL
Holdings
Withdrawn status Lost status Not for loan Collection code Home library Current library Date acquired Full call number Barcode Koha item type
      Non-fiction Sarojini Nagar Sarojini Nagar 20/06/2019 921 PAL A-335623 English Books

© Delhi Public Library
Hit Counter
free hit counter